000 00236nam a2200097Ia 4500
001 689995
005 20250826161808.0
008 250824s9999 xx 000 0 und d
245 0 _aKORKMA KALBİM
_cAHMET BATMAN
260 _bDESTEK YAYINLARI
999 _c689995
_d689995